Normal view
MARC view
Entry Personal Name
001 - CONTROL NUMBER
- control field: 35810
003 - CONTROL NUMBER IDENTIFIER
- control field: OSt
005 - DATE AND TIME OF LATEST TRANSACTION
- control field: 20160130120424.0
008 - FIXED-LENGTH DATA ELEMENTS
- fixed length control field: 160130|| aca||aabn | a|a d
040 ## - CATALOGING SOURCE
- Original cataloging agency: OSt
- Transcribing agency: OSt
100 ## - HEADING--PERSONAL NAME
- Personal name: Hansen,Mark Victor
670 ## - SOURCE DATA FOUND
- Source citation: Work cat.: (OSt): Hansen,Mark Victor, Chicken Soup For the Soul Power Moms, 2010









